000 00310pam a2200145 a 4500
020 _c
040 _aDTUN_110042
041 _aeng
082 _a621.388
_bDHA
100 _aGlenn,M.G
245 _aFundamentals of television engineering
260 _bTata McGraw-Hill
_c1986
300 _a642
930 _a9730
999 _c86635
_d86635